「短縮鉄道の夜」風クイズ #1 - Statistics

General Stats
  • This quiz has been taken 233 times
  • The average score is 10 of 15
Answer Stats
短縮語 Answer % Correct
中国 中華人民共和国
95%
韓国 大韓民国
94%
エアコン エアーコンディショナー
88%
モンスト モンスターストライク
88%
ボイパ ボイスパーカッション
85%
アポ アポイントメント
84%
セカスト セカンドストリート
84%
カシオレ カシスオレンジ
74%
スト ストライキ
72%
エコ エコロジー
66%
チア チアリーディング
58%
写メ 写メール
37%
ストパー ストレートパーマ
36%
ポラ ポラロイド
30%
個メ 個人メドレー
9%
No matching quizzes found
Score Distribution
Percent of People with Each Score
Percentile by Number Answered
Your Score History
You have not taken this quiz